000 00808nam a22002537a 4500
999 _c4812
_d4812
003 AR-CdUCM
008 190311b ||||| |||| 00| 0 spa d
020 _a968-6599-56-8
040 _aMUNICIPALIDAD PROVINCIAL DEL CUSCO
_cBIBLIOTECA MUNICIPAL DEL CUSCO
041 _heng
082 _a196.4 /
_bL814
100 _aLocke, John
_914840
245 _aEnsayo sobre el entendimiento humano /
260 _aMéxico, D.F :
_bEdiciones Gernika,
_c1994.
300 _a570 páginas ;
_c17 cm.
440 _aClasicos ciencia politica
_n16
_914841
505 _aContenido: De las palabras -- Del conocimiento y la probabilidad.
650 _aFilosofía
_9395
650 _aEstado
_9738
650 _aConocimiento
_95704
700 _aStellino, Ana I. (Traductor)
_914842
942 _2ddc
_cLIBROS
945 _acmm